000 00640nam a22001937a 4500
005 20260427123841.0
010 _aENG-147851
020 _a9789371369527
_c820.00
035 _aEN-131383
037 _bDBAD
082 _23
_a541.3
245 _aPearson NEET Foundation Physics, Chemistry Biology
250 _a3
260 _aUttar Pradesh
_bPearson India Education Services Pvt. Ltd.
_c2026
270 _a1st Floor, Berger Tower, Plot No. C-001A/2, Sector 16B, Noida - 201 301, Uttar Pradesh, India.
300 _avpp.
_c25cm(pb)
500 _aBased on NCERT Curriculum Class 9
942 _2ddc
_cEN
_e3
_h541.3
_mPEA
999 _c215982
_d215982